Statistics for Guess the Taylor Swift song (no hints) #4

Click here to take the quiz!

General Stats

  • This quiz has been taken 139 times
  • The average score is 420 of 518

Answer Stats

Answer% Correct
I
100%
The
100%
the
100%
a
99%
an
99%
You
99%
you
99%
and
98%
it
97%
it)
97%
me
97%
to
96%
in
94%
(No)
94%
(No,
94%
no,
94%
no)
94%
no
94%
what
94%
where
94%
your
94%
is
93%
on
92%
on,
92%
on)
92%
On
92%
when
92%
who
92%
you're
92%
(So
91%
So
91%
so
91%
do
90%
do,
90%
Do
90%
I'm
90%
it's
90%
there
90%
There
90%
(Think
90%
think
90%
not
89%
(She
89%
She
89%
she
89%
They
89%
all,
88%
go
88%
know
88%
like
88%
He
87%
was
87%
can
85%
wear
85%
did)
84%
did
84%
for
84%
had
84%
hear
84%
of
84%
that
84%
her
83%
him,
83%
him
83%
Now
83%
revenge
83%
say
83%
She's
83%
she's
83%
stand
83%
than
83%
about
82%
at,
82%
at
82%
but
82%
But
82%
better
81%
better,
81%
corner
81%
oh
81%
(Oh)
81%
(Oh,
81%
oh)
81%
with
80%
actress,
79%
don't
79%
from
79%
have
79%
just
79%
are
77%
ever-
76%
saint
76%
'cause
75%
'Cause
75%
hot
75%
never
75%
nothing
75%
right
75%
summer,
75%
took
75%
wanted
75%
flame
74%
matches,
74%
faster
73%
moth
73%
stealin'
73%
story
73%
holding
72%
"Sabotage"
72%
saw
72%
starts
72%
time
72%
up
72%
won't
72%
dealing
71%
people
71%
should
71%
applause
70%
friends
70%
get
70%
keep
70%
mind
70%
mind,
70%
along,
69%
came
69%
other
69%
over
69%
stealing
69%
thing
69%
toys
69%
little
68%
coming,
67%
make
67%
people's
67%
playground
67%
Soon,
67%
underestimated
67%
didn't
66%
down
66%
got
66%
let's
66%
Let's
66%
or
66%
Or
66%
Woah
66%
woah
66%
drum
65%
find
65%
gonna
65%
many
65%
looks
64%
things
64%
always
63%
beating
63%
how
63%
could
62%
name
62%
alone,
61%
amount
61%
dignity
61%
dresses
61%
isn't
61%
life
61%
list
61%
party
61%
suspected
61%
trend
61%
vintage
61%
wanna
61%
pain
60%
thinks
60%
wouldn't
60%
last
59%
psycho
59%
troubling,
59%
yeah?)
59%
gives
58%
rhyme
58%
school
58%
still
58%
teach
58%
eyes
57%
honey
57%
might
57%
prep
57%
present
57%
feel
56%
frown
56%
doin'?
54%
much
54%
roll
54%
some
54%
another
53%
haven't
53%
heard?
52%
pushing
52%
word
52%
doing?
50%
(Come
48%
Come
48%
come
48%
sophistication
46%
show
43%
deserve
39%
Haha,
26%
(Haha)
26%
deserved
17%

Score Distribution

Percentile by Number Answered

Percent of People with Each Score

Your Score History

You have not taken this quiz